| Tag |
First Indicator |
Second Indicator |
Subfields |
| LEADER |
00000cgm a2200000Ma 4500 |
| 001 |
in00005545813 |
| 006 |
m o c |
| 007 |
cr |n|---||a|a |
| 007 |
vz |zazu| |
| 008 |
120330s1936 nyu007 o vleng d |
| 005 |
20241201230207.9 |
| 035 |
|
|
|a (OCoLC)ocn799935466
|
| 040 |
|
|
|a ALSTP
|b eng
|e pn
|c ALSTP
|d OCLCQ
|d COO
|d OCLCQ
|d OCLCF
|d OCLCO
|d OCL
|d OCLCQ
|d OCLCO
|d OCLCA
|d OCL
|d OCLCQ
|d WYU
|d TKN
|d OCLCO
|d UAB
|d OCLCO
|d OCLCL
|d OCLCQ
|
| 019 |
|
|
|a 1373520900
|
| 035 |
|
|
|a (OCoLC)799935466
|z (OCoLC)1373520900
|
| 043 |
|
|
|a e-fr---
|
| 050 |
|
4 |
|a Internet Access
|b AEGMCT
|
| 049 |
|
|
|a TXAM
|
| 245 |
0 |
0 |
|a Revolt in France /
|c by Westbrook Van Voorhis.
|
| 260 |
|
|
|a New York, NY :
|b Home Box Office,
|c 1936.
|
| 300 |
|
|
|a 1 online resource (7 min.).
|
| 336 |
|
|
|a two-dimensional moving image
|b tdi
|2 rdacontent
|
| 337 |
|
|
|a computer
|b c
|2 rdamedia
|
| 338 |
|
|
|a online resource
|b cr
|2 rdacarrier
|
| 490 |
0 |
|
|a March of time ;
|v v. 2, episode 7
|
| 500 |
|
|
|a Title from resource description page (viewed Apr. 6, 2012).
|
| 546 |
|
|
|a In English.
|
| 610 |
2 |
0 |
|a Croix de feu (Organization : France)
|
| 610 |
2 |
7 |
|a Croix de feu (Organization : France)
|2 fast
|0 (OCoLC)fst00616126
|
| 650 |
|
0 |
|a Strikes and lockouts
|z France.
|
| 651 |
|
0 |
|a France
|x Economic conditions
|y 1918-1945.
|
| 651 |
|
0 |
|a France
|x Politics and government
|y 1914-1940.
|
| 650 |
|
6 |
|a Grèves et lock-out
|z France.
|
| 651 |
|
6 |
|a France
|x Conditions économiques
|y 1918-1945.
|
| 651 |
|
6 |
|a France
|x Politique et gouvernement
|y 1914-1940.
|
| 650 |
|
7 |
|a Economic history.
|2 fast
|0 (OCoLC)fst00901974
|
| 650 |
|
7 |
|a Politics and government
|2 fast
|0 (OCoLC)fst01919741
|
| 650 |
|
7 |
|a Strikes and lockouts.
|2 fast
|0 (OCoLC)fst01135030
|
| 651 |
|
7 |
|a France.
|2 fast
|0 (OCoLC)fst01204289
|1 https://id.oclc.org/worldcat/entity/E39PBJd8gD4vdtqQMdQHvYqbBP
|
| 648 |
|
7 |
|a 1914-1945
|2 fast
|
| 655 |
|
7 |
|a Newsreels.
|2 fast
|0 (OCoLC)fst01710391
|
| 655 |
|
7 |
|a Nonfiction films.
|2 fast
|0 (OCoLC)fst01710269
|
| 655 |
|
7 |
|a Newsreels.
|2 lcgft
|
| 655 |
|
7 |
|a Nonfiction films.
|2 lcgft
|
| 655 |
|
7 |
|a Actualités (Films)
|2 rvmgf
|
| 655 |
|
7 |
|a Films autres que de fiction.
|2 rvmgf
|
| 700 |
1 |
|
|a Van Voorhis, Westbrook,
|d 1903-1968.
|4 nrt
|1 https://id.oclc.org/worldcat/entity/E39PBJxmM884hBV8DW9XMDjXBP
|
| 710 |
2 |
|
|a HBO Home Entertainment (Firm)
|
| 710 |
2 |
|
|a March of Time, Inc.
|
| 856 |
4 |
0 |
|u http://proxy.library.tamu.edu/login?url=https://www.aspresolver.com/aspresolver.asp?AVN2;1792758
|z Connect to this streaming video (Alexander Street Press)
|t 0
|
| 955 |
|
|
|a Alexander Street Press subscription streaming video
|
| 994 |
|
|
|a 92
|b TXA
|
| 999 |
f |
f |
|s 81fcf6a4-00c7-43b4-b67e-e086a80610ac
|i 96c83bd4-a500-436c-9a61-e2c98a7e7a26
|t 0
|
| 952 |
f |
f |
|a Texas A&M University
|b College Station
|c Electronic Resources
|d Available Online
|t 0
|e Internet Access AEGMCT
|h Library of Congress classification
|
| 998 |
f |
f |
|a Internet Access AEGMCT
|t 0
|l Available Online
|